| 000 | 01221nam a22002657a 4500 | ||
|---|---|---|---|
| 999 |
_c65391 _d65391 |
||
| 005 | 20240530110822.0 | ||
| 008 | 190718s2019 ua g b 000 0 ara d | ||
| 017 |
_a16989 _bمصر. دار الكتب |
||
| 020 | _a9789773085971 | ||
| 040 |
_aEG-CaGPL _cEG-CaGPL |
||
| 082 | 0 | 4 |
_221 _a953.079/ _bع ت |
| 100 | 0 | _aعرفة محمد على الصعيدى | |
| 245 | 1 | 2 |
_aالتاريخ السياسى والحضارى لاقليم قندهار منذ سيادة الغزنويين حتى الغزو المغولى : _b389 - 617 هـ / 999 - 1220 م / _cعرفة محمد على الصعيدى |
| 250 | _aط.1 | ||
| 260 |
_aالقاهرة : _bدار العلم والايمان للنشر والتوزيع، _c2019. |
||
| 300 |
_a352 ص. ؛ _c24 سم. |
||
| 504 | _aيشتمل على ارجاعات ببليوجرافية | ||
| 650 | _2qrmak | ||
| 651 | 0 | 7 |
_2qrmak _aافغانستان _xتاريخ _yالعصر الاسلامى |
| 651 | 0 | 7 |
_2qrmak _aافغانستان _xالاحوال السياسية |
| 651 | 0 | 7 |
_2qrmak _aقندهار _xتاريخ _yالعصر الاسلامى |
| 651 | 0 | 7 |
_2qrmak _aقندهار _xالاحوال السياسية |
| 942 |
_2ddc _cBK |
||